banner-ar

الفساد الادارى فى العالم العربى مفهومه وابعاده المختلفة / (Record no. 62462)

MARC details
000 -الفاتح
حقل البيانات ثابتة الطول 00809nam a22002057a 4500
005 - وقت وتاريخ اخر تعامل مع التسجيلة
رقم الضبط 20240530110551.0
008 - عناصر البيانات ثابتة الطول - معلومات عامة
حقل البيانات ثابتة الطول 160719s2014 ua a f b 000 0 ara d
017 ## - رقم الايداع القانونى
رقم الايداع القانونى 2014/24090
المصدر ( الهيئة المختصة) مصر . دار الكتب المصرية
020 ## - الرقم الدولى المعيارى للكتب
الرقم الدولى المعيارى للكتاب 9789777220484
040 ## - مصدر الفهرسة
وكالة الفهرسة الأصلية EG-CaGPL
082 04 - رقم تصنيف ديوى العشرى
رقم الطبعة 21
رقم التصنيف 353.46\
رقم المادة م ف
100 0# - المدخل الرئيسى - إسم شخصى
الإسم الشخصى محمد صادق اسماعيل
245 12 - بيان العنوان
العنوان الفساد الادارى فى العالم العربى مفهومه وابعاده المختلفة /
بيان المسئوليه,etc محمد صادق اسماعيل
250 ## - بيان الطبعة
بيان الطبعة ط. 1
260 ## - PUBLICATION, DISTRIBUTION, ETC. (IMPRINT)
تاريخ النشر أو التوزيع 2014 .
300 ## - الوصف المادى
التعداد 165 ص. ؛
أبعاد الوعاء 24 سم .
504 ## - تبصرة ببليوجرافية
تبصرة ببليوجرافية,الخ يشتمل على ارجاعات ببليوجرافية
650 04 - المدخل الاضافى بالموضوع-مصطلح موضوعى
مصطلح موضوعي الفساد الادارى
942 ## - عناصر المدخل الإضافي( كوها)
مصدر التصنيف او مخطط الترفيف Dewey Decimal Classification
Koha [default] item type كتاب
260 ## - PUBLICATION, DISTRIBUTION, ETC. (IMPRINT)
-- القاهرة :
-- المجموعة العربية للتدريب و النشر ،
Holdings
حالة التراجع حالة الفقد حالة تلف ليس للاعارة المكان المؤقت الموقع الحالى تاريخ الاكتساب اجمالي اﻻعارات رقم الطلب الباركود تاريخ اخر مشاهدة تاريخ تفعيل السعر نوع وعاء كوها
        مكتبة القاهرة الكبرى مكتبة القاهرة الكبرى 07/19/2016   353.46\ م ف 162207 07/19/2016 07/19/2016 كتاب

Powered By

EGPV